The Statesman’s Yearbook 2008 The Politics, Cultures and Economies of the World /

The 2008 edition of The Statesman's Yearbook contains information and analysis on every country in the world, including biographical profiles of current leaders, government histories, economic overviews and maps. Every copy comes with a single-user licence giving access to the full text online,...

Full description

Bibliographic Details
Corporate Author: SpringerLink (Online service)
Other Authors: Turner, Barry (Editor)
Format: Electronic eBook
Language:English
Published: London : Palgrave Macmillan UK : Imprint: Palgrave Macmillan, 2007.
Series:The Stateman’s Yearbook,
Subjects:
Online Access:Full Text via HEAL-Link
LEADER 01983nam a22004695i 4500
001 978-1-349-74024-6
003 DE-He213
005 20170302113258.0
007 cr nn 008mamaa
008 161227s2007 xxk| s |||| 0|eng d
020 |a 9781349740246  |9 978-1-349-74024-6 
024 7 |a 10.1007/978-1-349-74024-6  |2 doi 
040 |d GrThAP 
050 4 |a JA1-92 
072 7 |a JPA  |2 bicssc 
072 7 |a POL000000  |2 bisacsh 
082 0 4 |a 320  |2 23 
245 1 4 |a The Statesman’s Yearbook 2008  |h [electronic resource] :  |b The Politics, Cultures and Economies of the World /  |c edited by Barry Turner. 
264 1 |a London :  |b Palgrave Macmillan UK :  |b Imprint: Palgrave Macmillan,  |c 2007. 
300 |a 1600 p.  |b online resource. 
336 |a text  |b txt  |2 rdacontent 
337 |a computer  |b c  |2 rdamedia 
338 |a online resource  |b cr  |2 rdacarrier 
347 |a text file  |b PDF  |2 rda 
490 1 |a The Stateman’s Yearbook,  |x 0081-4601 
520 |a The 2008 edition of The Statesman's Yearbook contains information and analysis on every country in the world, including biographical profiles of current leaders, government histories, economic overviews and maps. Every copy comes with a single-user licence giving access to the full text online, updated regularly and fully searchable. 
650 0 |a Political science. 
650 0 |a International relations. 
650 0 |a Economics. 
650 0 |a Management science. 
650 1 4 |a Political Science and International Relations. 
650 2 4 |a Political Science. 
650 2 4 |a Economics, general. 
650 2 4 |a International Relations. 
700 1 |a Turner, Barry.  |e editor. 
710 2 |a SpringerLink (Online service) 
773 0 |t Springer eBooks 
776 0 8 |i Printed edition:  |z 9781403992772 
830 0 |a The Stateman’s Yearbook,  |x 0081-4601 
856 4 0 |u http://dx.doi.org/10.1007/978-1-349-74024-6  |z Full Text via HEAL-Link 
912 |a ZDB-2-POS 
950 |a Political Science and International Studies (Springer-41174)